000 00646nam a2200229 i 4500
001 C2-0307734
003 PPAK
005 20180728094446.0
008 110323s1967 my a|||| ||||| | may d
040 _aPPAK
_beng
_cPPAK
_erda
082 0 4 _a059.9923
_223
090 0 0 _a059.9923
_bMAJ
_dKK
245 0 0 _aMajalah Kelantan Bil. 3, Jilid II
264 1 _aKota Bahru, Kelantan :
_bBintang Emas ,
_c1967
300 _a12 pages :
_billustrations ;
_c30 cm
336 _2rdacontent
_atext
337 _2rdamedia
_aunmediated
338 _2rdacarrier
_avolume
500 _aTeks dalam tulisan jawi
650 1 0 _aMalay periodicals
942 _ddc
_cB
999 _c110435
_d110435